| 000 | 00919nam a22003017a 4500 | ||
|---|---|---|---|
| 001 | BR8403962 | ||
| 003 | BR-BrBNA | ||
| 005 | 20230928092006.0 | ||
| 007 | ta | ||
| 008 | 230509b bl.||||| |||| 00| 0 por d | ||
| 040 |
_aBR-BrBNA _bpor _cBiblioteca Nacional de Agricultura |
||
| 041 | _a(Eng) | ||
| 072 |
_aP05 _b8961 _b/G514 |
||
| 090 | _ 8961 BR8403962 | ||
| 100 | 1 | _aPamplona, C. | |
| 110 | 1 |
_aInstituto do Acucar e do Alcool, Belo Horizonte, MG (Brasil) _96287 |
|
| 245 | 1 | _aPROALCOOL Technical - economic and social impact of the program in Brazil [Programa Nacional do Alcool, Brasil] | |
| 260 | 3 |
_aBelo Horizonte, MG (Brasil): _c1984. |
|
| 300 | _a91 p. | ||
| 500 | _a53 tables; 32 ref. | ||
| 650 | _aALCOOL | ||
| 650 | _aRECURSO ENERGETICO | ||
| 650 | _aPOLITICA NACIONAL | ||
| 650 | _aINDUSTRIA AGRICOLA | ||
| 650 | _aANALISE ECONOMICA | ||
| 909 |
_a202309 _bLucia _c55 _dLucia Elande |
||
| 942 | _cBK | ||
| 999 |
_c36582 _d36582 |
||